000
00298nam a22001337a 4500
008
180111b xxu||||| |||| 00| 0 eng d
020
_a
9780754800019
041
_a
eng
080
_a
574
100
_a
9
101
_a
MJE
245
_a
The Complete Guide to Gardening
_c
McHoy, P
942
_2
udc
_c
BK
999
_c
40106
_d
40106